Getting a Web Development Job For Dummies /

Craving a career in web dev? Chart your path with this helpful guide Getting a Web Development Job For Dummies provides a roadmap to one of the "hot jobs" in the booming world of tech. The web development field is large, and it encompasses many actual functions. This book helps you underst...

Full description

Bibliographic Details
Main Authors: Taylor, Kathleen (Author), Smith, Bud (Author)
Corporate Author: Safari, an O'Reilly Media Company
Format: eBook
Language:English
Published: For Dummies, 2015.
Edition:1st edition.
Subjects:
Online Access:Connect to this electronic resource

MARC

Tag First Indicator Second Indicator Subfields
LEADER 00000uam a2200000 a 4500
001 in00004127413
005 20260128150554.5
006 m o d
007 cr cn
008 270115s2015 xx o eng
020 |z 9781118967768 
020 |z 1118967763 
020 |z 9781118967782 
035 |a (CaSebORM)9781118967782 
040 |d UtOrBLW 
041 0 |a eng 
100 1 |a Taylor, Kathleen,  |e author.  |0 http://id.loc.gov/authorities/names/n2010053330 
245 1 0 |a Getting a Web Development Job For Dummies /  |c Taylor, Kathleen. 
250 |a 1st edition. 
264 1 |b For Dummies,  |c 2015. 
300 |a 1 online resource (312 pages) 
336 |a text  |b txt  |2 rdacontent 
337 |a computer  |b c  |2 rdamedia 
338 |a online resource  |b cr  |2 rdacarrier 
347 |a text file 
520 |a Craving a career in web dev? Chart your path with this helpful guide Getting a Web Development Job For Dummies provides a roadmap to one of the "hot jobs" in the booming world of tech. The web development field is large, and it encompasses many actual functions. This book helps you understand the web development career opportunities and determine the path you should take, based on your own personal needs and preferences, to launch your career. You'll learn about various career options, the skills you'll need to become an attractive candidate, how to go about learning the ropes, and proving your abilities to a potential employer or client. With so many possible goals and no one right way to get there, this book cuts through the confusion to put you on the path to a career you want. The web development industry is expected to grow for the foreseeable future, and there is already a shortage of trained workers to fill the jobs. Whether you lean technical or aesthetic, you can find your place in the industry with right skills-both hard and soft-and with the right plan. Getting a Web Development Job For Dummies is your guide to formulating that plan and getting started right. Find formal or informal ways to build the tech skills you'll need Discover where you fit, whether as a freelancer or within an organization Learn how to build a resume, develop a portfolio, and impress interviewers Get expert tips on finding resources, building a reputation, and more If your pet peeves include malfunctioning forms, flashing banners, and sites that take way too long to load, the web development world needs you. But before you begin your journey, you need a destination and a route in mind. Getting a Web Development Job For Dummies is your roadmap, so you can set out today. 
533 |a Electronic reproduction.  |b Boston, MA :  |c Safari,  |n Available via World Wide Web. 
538 |a Mode of access: World Wide Web. 
542 |f Copyright © For Dummies 
588 |a Online resource; Title from title page (viewed January 20, 2015) 
500 |a Electronic resource. 
655 7 |a Electronic books.  |2 local 
700 1 |a Smith, Bud,  |e author.  |0 http://id.loc.gov/authorities/names/nb2008023912 
710 2 |a Safari, an O'Reilly Media Company. 
856 4 0 |u https://proxy.library.tamu.edu/login?url=https://go.oreilly.com/TAMU/library/view/-/9781118967782/?ar  |z Connect to this electronic resource  |t 0 
999 f f |s 26e41da8-3396-3cfe-8726-58ed2185c6f9  |i 8157ae35-1640-3a88-a32a-01ddb79fa345  |t 0 
952 f f |a Texas A&M University  |b College Station  |c Electronic Resources  |s www_evans  |d Available Online  |t 0  |h No information provided 
998 f f |t 0  |l Available Online